| 000 | 00640nam a2200217 i 4500 | ||
|---|---|---|---|
| 001 | 77105 | ||
| 003 | ES-MaACL | ||
| 005 | 20250823063043.0 | ||
| 007 | t| | ||
| 008 | 041006s1928 sp ||||1| spa d | ||
| 080 | _a821.134.2(72)-31"19" | ||
| 080 | _a972"1910/46" | ||
| 100 | 1 |
_aGuzmán, Martín Luis, _d1887-1976 _961297 |
|
| 245 | 1 | 3 |
_aEl águila y la serpiente / _cMartín Luis Guzmán. |
| 260 |
_aMadrid : _b[s.n., _c1928] ( _fJuan Pueyo) |
||
| 300 |
_a402 p. ; _c19 cm. |
||
| 600 | 1 | 4 |
_aVilla, Pancho. _9114876 |
| 651 | 4 |
_aMéxico- _xHistoria- _z1910-1946. _99066 |
|
| 852 | 4 |
_aES-MaACL _jF-13408 |
|
| 999 |
_c77105 _d77105 |
||